| 000 | 00390nam a22001337a 4500 | ||
|---|---|---|---|
| 008 | 230602b xxu||||| |||| 00| 0 eng d | ||
| 020 | _a9966718214 | ||
| 082 |
_a324.6762 _bMWA |
||
| 100 |
_cThe Godown Arts Centre _d2008 |
||
| 245 |
_aKenya Burning _bMgogoro Baada Ya Uchaguzi 2007 |
||
| 260 |
_aNairobi, Kenya _bThe Godown Arts Centre and Kwani Trust _c2008 |
||
| 300 | _a155p | ||
| 942 |
_2ddc _cBK |
||
| 999 |
_c79 _d79 |
||